=LDR 00000nam 2200000 4500 =001 INLIS000000000043809 =005 20131008103815 =008 ***********************************eng** =035 ##$$0010-101300000001731 =041 ##$$a eng =082 ##$$a 910.025 598 2 =090 ##$$a R 910.025 598 2, Der j =100 ##$$a Deribere, Maurice =245 ##$$a Java - Bali, Maurice Deribere =260 ##$$a [19..] $b Jakarta =300 ##$$a 160 hlm, ilus, 26 cm =650 ##$$a Geografi Java - Bali =850 ##$$a NBPNMAT